| 000 | 00790nam a2200241 i 4500 | ||
|---|---|---|---|
| 001 | 180809 | ||
| 003 | ES-MaACL | ||
| 005 | 20250821102024.0 | ||
| 008 | 120716s1991 sp ao |||| | spa d | ||
| 020 | _a84-7679-199-2 | ||
| 080 | _a7:061.22(460)"17/18" | ||
| 100 | 1 |
_aÚbeda de los Cobos, Andrés. _9150995 |
|
| 245 | 1 | 3 |
_aLa academia y el artista / _cpor Andrés Úbeda de los Cobos. |
| 260 |
_aMadrid : _bHistoria Viva, _c[1991] |
||
| 300 |
_aVIII, 31 p. : _bil. col. y n. ; _c24 cm. |
||
| 490 | 1 |
_aCuadernos de arte español ; _v33 |
|
| 504 | _aBibliografía: p. 31. | ||
| 594 | _aEn cub.: Historia 16. | ||
| 650 | 7 |
_aAcademias artísticas- _zEspaña. _9150996 |
|
| 830 | 0 | 0 |
_aCuadernos de arte español _v33 _9191338 |
| 852 |
_aES-MaACL _j2314-F-9 |
||
| 999 |
_c180809 _d180809 |
||